Zwycięzcy najlepszych lig europejskich w sezonie 21/22 - Statystyki

Ogólne statystyki
  • Ten quiz został rozwiązany 106 razy
  • Średni wynik to 6 z 7
Statystyki odpowiedzi
Wskazówki Odpowiedzi % Poprawnych
Ligue 1 PSG
98%
La Liga Real Madryt
98%
Bundesliga Bayern
96%
Premier league Manchester City
95%
Seria A Milan
90%
Eredivisie Ajax
88%
Liga Nos Porto
69%
Nie znaleziono quizów pasujących do podanych kryteriów
Rozkład punktacji
Procent ludzi z każdym wynikiem
Percentyl według liczby udzielonych odpowiedzi
Twoja historia wyników
Nie rozwiązałeś tego quizu